A Text Book on Differential Calculus / (Record no. 5094)
[ view plain ]
| 000 -LEADER | |
|---|---|
| fixed length control field | 00668nam a2200241 a 4500 |
| 001 - CONTROL NUMBER | |
| JCCL Control Number | 5094 |
| 003 - CONTROL NUMBER IDENTIFIER | |
| JCCL marc code | BD-JhCC |
| 005 - DATE AND TIME OF LATEST TRANSACTION | |
| control field | 20171209105630.0 |
| 008 - FIXED-LENGTH DATA ELEMENTS--GENERAL INFORMATION | |
| fixed length control field | 171209s2008 bg a|||| || | 001 0 eng d |
| 035 ## - SYSTEM CONTROL NUMBER | |
| system control number | (BD-JhCC)5094 |
| 040 ## - CATALOGING SOURCE | |
| Original cataloging agency | BD-JhCC |
| Modifying agency | BD-JhCC |
| 041 ## - LANGUAGE CODE | |
| Language code of Book | eng |
| 082 ## - DEWEY DECIMAL CLASSIFICATION NUMBER | |
| Classification number | 515.33 |
| Author mark and Year | MOH 2008 |
| 100 ## - MAIN ENTRY--PERSONAL NAME | |
| Personal name | Mohammad, Khosh |
| 245 ## - TITLE STATEMENT | |
| Title | A Text Book on Differential Calculus / |
| Statement of responsibility, etc | Khosh Mohammad, P.K. BHattacharjee & Md. Abdul Latif |
| 260 ## - PUBLICATION, DISTRIBUTION, ETC. (IMPRINT) | |
| Place of publication, distribution, etc | Dhaka : |
| Name of publisher, distributor, etc | Gonith Prokashon, |
| Date of publication, distribution, etc | 2008. |
| 300 ## - PHYSICAL DESCRIPTION | |
| Pagination | 385 p. : |
| Dimensions | 23 cm. |
| 650 ## - SUBJECT ADDED ENTRY--TOPICAL TERM | |
| Topical term or geographic name as entry element | Differential Calculus |
| 700 ## - ADDED ENTRY--PERSONAL NAME | |
| Personal name | Bhattacharjee, P. K. |
| 700 ## - ADDED ENTRY--PERSONAL NAME | |
| Personal name | Latif, Md. Abdul |
| 942 ## - ADDED ENTRY ELEMENTS (KOHA) | |
| Source of classification or shelving scheme | Dewey Decimal Classification |
| Koha item type | Books |
| Source of classification or shelving scheme | Damaged status | Not for loan | Home library | Current library | Shelving location | Date of accession | Cost, normal purchase price | Total Checkouts | Full call number | Barcode | Date last seen | Copy number | Koha item type |
|---|---|---|---|---|---|---|---|---|---|---|---|---|---|
| Dewey Decimal Classification | JCC Rouf Library | JCC Rouf Library | General Stacks | 12/09/2017 | 200.00 | 515.33 MOH 2008 | 6993 | 12/09/2017 | C-1 | Books |